Länder der osmanischen Königsfamilie - Statistiken

Allgemein
  • Dieses Quiz wurde 125 mal gespielt
    123 seit der letzten Aktualisierung
  • Das Durchschnittsergebnis liegt bei 10 aus 14
Antwortstatistiken
Hint Antwort % Korrekt
Asien / Europa Türkei
94%
Europa Bulgarien
88%
Europa Griechenland
87%
Europa Albanien
86%
Europa Serbien
81%
Europa Rumanien
79%
Asien / Europa Russland
78%
Europa Bosnien Und Herzegowina
74%
Europa Kosovo
71%
Europa Ukraine
65%
Asien Georgien
62%
Europa Italien
50%
Europa Frankreich
27%
Asien Indien
16%
Keine übereinstimmenden Quizze gefunden
Verteilung der Resultate
Anzahl Personen mit jedem Resultat
Perzentil nach korrekt beantworteten Fragen
Ihre Resultats-Entwicklung
Sie haben dieses Quiz seit der letzten Aktualisierung nicht gespielt